• 首页
  • 本馆介绍
  • 公告通知
  • 最新文献
  • 馆藏检索
  • 电子资源
  • 读者导购
  • 参考咨询
  • 我的图书馆
  • 登录
  • 详细信息显示
  • 放入我的书架
  • 预约/预借图书
  • 作者相关作品
  • 分类相关作品
  • 丛书相关作品
  • 出版社相关作品

书目信息

  • 表格格式
  • 工作单格式
  • 卡片格式
题名:
中国茶文化
    
 
作者: 王玲 著
分册:  
出版信息: 北京   中国书店出版  1992.12
页数: 349页
开本: 20cm
丛书名:
单 册:
中图分类: G122:TS971
科图分类:
主题词: 文化事业--中国
电子资源:
ISBN: 7-80568-538-X
000 00535nam0 2200193 45
001 00042015 8
005 20040428083140.8
010    @a7-80568-538-X@dCNY15.00
100    @a20000420d1992 km y0chiy0120 ea
101 0  @achi
105    @a z 000yy
200 1  @a中国茶文化@AZhong Guo Cha Wen Hua@f王玲著@FWang Ling Zhu
210    @a北京@c中国书店出版@d1992.12
215    @a349页@d20cm
606 0  @a文化事业@y中国
690    @aG122:TS971@v1
701  0 @a王玲@4著
801    @aCN@bTSTC@c20000420
905    @b287966-970@dG122:TS971@e13=5@f5
    
    中国茶文化/王玲著.-北京:中国书店出版,1992.12
    349页;20cm
    
    
    ISBN 7-80568-538-X:CNY15.00
    
●
相关链接 在E读中查询图书 在五车中查询图书 在当当中查询图书 在豆瓣中查询图书


正题名:中国茶文化     索取号:G122:TS971/13=5         预约/预借

序号 登录号 条形码 馆藏地/架位号 状态 备注
1 0287966   002879665   密集书库/ [索取号:G122:TS971/13=5] 在馆    
2 0287967   002879674   第四借阅区/ [索取号:G122:TS971/13=5] 在馆    
3 0287968   002879683   第四借阅区/ [索取号:G122:TS971/13=5] 在馆    
4 0287969   002879692   第四借阅区/ [索取号:G122:TS971/13=5] 在馆    
5 0287970   002879709   第一样本阅览室/ [索取号:G122:TS971/13=5] 在馆    
6 0299974   202999746   第四借阅区/ [索取号:G122:TS971/13=5] 在馆    
7 0299975   202999755   第四借阅区/ [索取号:G122:TS971/13=5] 在馆    
8 0299976   202999764   第四借阅区/ [索取号:G122:TS971/13=5] 在馆    
9 0299977   202999773   第四借阅区/ [索取号:G122:TS971/13=5] 在馆    
唐山师范学院图书馆 欢迎您!
大连网信软件有限公司© 版权所有